Phân tích và giải mạch điện tử công suất /

Những phần chính trong sách; Các van bán dẫn công suất, mạch chỉnh lưu, điều chỉnh điện áp xoay chiều, điều chỉnh điện áp một chiều, các bộ nghịch lưu độc lập.

Đã lưu trong:
書目詳細資料
主要作者: Phạm Quốc Hải.
其他作者: Dương Văn Nghi.
格式: 圖書
語言:Vietnamese
出版: Hà Nội : Khoa học và kỹ thuật, 1999.
主題:
標簽: 添加標簽
沒有標簽, 成為第一個標記此記錄!
Thư viện lưu trữ: Mạng thư viện Đại học Đà Nẵng
LEADER 01132cam a2200349 i 4500
001 000042134
003 7
005 20041001081231.0
008 010301b1999 vm 000 vie
020 |c 22500 
022 |a T 
040 |a IRC  |c IRC  |d IRC 
041 0 |a vie 
082 1 4 |a 621.381  |b PH-H 
100 1 |a Phạm Quốc Hải. 
245 1 0 |a Phân tích và giải mạch điện tử công suất /  |c Phạm Quốc Hải, Dương Văn Nghi. 
260 |a Hà Nội :  |b Khoa học và kỹ thuật,  |c 1999. 
300 |a 190 tr. ;  |c 24 cm. 
520 3 |a Những phần chính trong sách; Các van bán dẫn công suất, mạch chỉnh lưu, điều chỉnh điện áp xoay chiều, điều chỉnh điện áp một chiều, các bộ nghịch lưu độc lập. 
630 0 4 |a Điện tử công suất. 
650 0 4 |a Điện tử công suất. 
700 1 |a Dương Văn Nghi. 
OWN |a DUT 
999 |a From the UDN01 
TYP |a Monograph 
TYP |a Printed language 
980 |a Mạng thư viện Đại học Đà Nẵng